Optionen für die Rechtsformwahl diakonischer Unternehmen
Saved in:
| Main Author: | |
|---|---|
| Format: | Chapter/Article |
| Language: | German |
| Published: |
2012
|
| In: |
Nächstenliebe und Organisation
Year: 2012, Pages: 71-94 |
| Subjects: | |
| Online Access: |
|
| Author Notes: | Stefan J. Geibel |
MARC
| LEADER | 00000caa a2200000 c 4500 | ||
|---|---|---|---|
| 001 | 1446007014 | ||
| 003 | DE-627 | ||
| 005 | 20220810205243.0 | ||
| 007 | tu | ||
| 008 | 121204s2012 xx ||||| 00| ||ger c | ||
| 035 | |a (DE-627)1446007014 | ||
| 035 | |a (DE-576)37600701X | ||
| 035 | |a (DE-599)BSZ37600701X | ||
| 035 | |a (OCoLC)1340456797 | ||
| 040 | |a DE-627 |b ger |c DE-627 |e rakwb | ||
| 041 | |a ger | ||
| 084 | |a 19 |2 sdnb | ||
| 100 | 1 | |a Geibel, Stefan J. |d 1968- |0 (DE-588)124299377 |0 (DE-627)085770086 |0 (DE-576)185836089 |4 aut | |
| 245 | 1 | 0 | |a Optionen für die Rechtsformwahl diakonischer Unternehmen |c Stefan J. Geibel |
| 264 | 1 | |c 2012 | |
| 300 | |a 24 | ||
| 336 | |a Text |b txt |2 rdacontent | ||
| 337 | |a ohne Hilfsmittel zu benutzen |b n |2 rdamedia | ||
| 338 | |a Band |b nc |2 rdacarrier | ||
| 689 | 0 | 0 | |d s |0 (DE-588)4012046-6 |0 (DE-627)104509643 |0 (DE-576)208896627 |a Diakonie |2 gnd |
| 689 | 0 | 1 | |d s |0 (DE-588)4061963-1 |0 (DE-627)104665327 |0 (DE-576)209142006 |a Unternehmen |2 gnd |
| 689 | 0 | 2 | |d s |0 (DE-588)4133316-0 |0 (DE-627)105681075 |0 (DE-576)209642890 |a Rechtsform |2 gnd |
| 689 | 0 | |5 (DE-627) | |
| 773 | 0 | 8 | |i In |t Nächstenliebe und Organisation |d Leipzig : Evang. Verl.-Anst., 2012 |g (2012), Seite 71-94 |h 460 S |w (DE-627)718002326 |w (DE-576)372095054 |z 9783374031085 |7 nnam |a Optionen für die Rechtsformwahl diakonischer Unternehmen |
| 773 | 1 | 8 | |g year:2012 |g pages:71-94 |g extent:24 |a Optionen für die Rechtsformwahl diakonischer Unternehmen |
| 951 | |a AR | ||
| 990 | |a Rechtsform | ||
| 990 | |a Unternehmen | ||
| 990 | |a Diakonie | ||
| 992 | |a 20140317 | ||
| 993 | |a BookComponentPart | ||
| 994 | |a 2012 | ||
| 998 | |g 124299377 |a Geibel, Stefan J. |m 124299377:Geibel, Stefan J. |d 20000 |d 20500 |e 20000PG124299377 |e 20500PG124299377 |k 0/20000/ |k 1/20000/20500/ |p 1 |x j |y j | ||
| 999 | |a KXP-PPN1446007014 |e 2786970687 | ||
| BIB | |a Y | ||
| JSO | |a {"id":{"eki":["1446007014"]},"name":{"displayForm":["Stefan J. Geibel"]},"person":[{"display":"Geibel, Stefan J.","given":"Stefan J.","family":"Geibel","role":"aut"}],"title":[{"title_sort":"Optionen für die Rechtsformwahl diakonischer Unternehmen","title":"Optionen für die Rechtsformwahl diakonischer Unternehmen"}],"origin":[{"dateIssuedKey":"2012","dateIssuedDisp":"2012"}],"language":["ger"],"relHost":[{"relRef":[{"id":{"eki":["1475167709"]},"note":["Rezension: Jähnichen, Traugott, 1959 - : Nächstenliebe und Organisation. - 2014 "]}],"disp":"Optionen für die Rechtsformwahl diakonischer UnternehmenNächstenliebe und Organisation","part":{"pages":"71-94","year":"2012","extent":"24","text":"(2012), Seite 71-94"},"note":["Literaturverz. S. [427] - 458"],"language":["ger"],"name":{"displayForm":["Heinz Schmidt ... (Hrsg.)"]},"person":[{"role":"edt","family":"Schmidt","display":"Schmidt, Heinz","given":"Heinz"}],"recId":"718002326","relMultPart":[{"origin":[{"publisherPlace":"Leipzig ; Gütersloh ; Gütersloh","dateIssuedDisp":"1980-","publisher":"Evang. Verl.-Anst. ; Kaiser ; Gütersloher Verl.-Haus","dateIssuedKey":"1980"}],"title":[{"title_sort":"Veröffentlichungen der Wissenschaftlichen Gesellschaft für Theologie","title":"Veröffentlichungen der Wissenschaftlichen Gesellschaft für Theologie"}],"id":{"zdb":["2215423-1"],"eki":["505064707"]},"type":{"bibl":"serial"},"pubHistory":["1.1980 -"],"corporate":[{"role":"aut","display":"Wissenschaftliche Gesellschaft für Theologie"}],"recId":"505064707","language":["ger"],"part":{"number":["37"],"number_sort":["37"]},"disp":"Veröffentlichungen der Wissenschaftlichen Gesellschaft für Theologie (VWGTh)","dispAlt":"Wissenschaftliche Gesellschaft für Theologie: Veröffentlichungen der Wissenschaftlichen Gesellschaft für Theologie"}],"physDesc":[{"noteFormat":"23 cm","extent":"460 S","noteIll":"graph. Darst"}],"type":{"bibl":"edited-book"},"id":{"isbn":["9783374031085"],"eki":["718002326"]},"title":[{"title":"Nächstenliebe und Organisation","title_sort":"Nächstenliebe und Organisation","subtitle":"[zur Zukunft einer polyhybriden Diakonie in zivilgesellschaftlicher Perspektive]"}],"origin":[{"publisher":"Evang. Verl.-Anst.","dateIssuedDisp":"2012","publisherPlace":"Leipzig","dateIssuedKey":"2012"}]}],"recId":"1446007014","type":{"bibl":"chapter"},"physDesc":[{"extent":"24 S."}]} | ||
| SRT | |a GEIBELSTEFOPTIONENFU2012 | ||